Az átöröklés a pathologiában.
Elmentve itt :
| Szerző: | |
|---|---|
| Adatforrás: | Philobibl |
| Dokumentumtípus: | Könyv |
| Nyelv: | magyar |
| Megjelent: |
Bp.
Benkő biz.
1914
|
| LEADER | 00301nam a2200109 c 4500 | ||
|---|---|---|---|
| 001 | bibDOK00026743 | ||
| 005 | 20200924122125.7 | ||
| 008 | 060518s1914 hu hun | ||
| 100 | 1 | |a Berkovits, René | |
| 245 | 1 | 3 | |a Az átöröklés a pathologiában. |c Berkovits, René |
| 260 | |a Bp. |b Benkő biz. |c 1914 | ||
| 300 | |a 28 p. p. | ||